Woodward and Bernstein : life in the shadow of Watergate

Salvato in:
Dettagli Bibliografici
Autore principale:  Shepard, Alicia C
Natura: Sách
Lingua:Undetermined
Pubblicazione:  J. Wiley  2007
Soggetti:
Tags: Aggiungi Tag
Nessun Tag, puoi essere il primo ad aggiungerne! !
Thư viện lưu trữ: Trung tâm Thư viện - Trường Đại học Công nghiệp TP. Hồ Chí Minh
LEADER 00510nam a2200157Ia 4500
001 UIH_04021
008 231011s9999 xx 000 0 und d
082 |a  070.92 
100 |a  Shepard, Alicia C 
245 0 |a  Woodward and Bernstein : life in the shadow of Watergate 
245 0 |c  Shepard, Alicia C 
260 |b  J. Wiley 
260 |c  2007 
650 |a  Journalists; Tự truyện;  
927 |a Sách 
980 |a Trung tâm Thư viện - Trường Đại học Công nghiệp TP. Hồ Chí Minh